| 000 | 00624nam a2200205Ia 4500 | ||
|---|---|---|---|
| 003 | GCL | ||
| 008 | 140319s9999 xx 000 0 ara d | ||
| 040 |
_aGCL / _cGCL |
||
| 082 | 0 | 4 |
_aد _b050 |
| 100 | 1 | _aاكرم قانصو | |
| 245 | 1 | 0 |
_aالتصوير الشعبي العربى (عالم المعرفة 203) / _cاكرم قانصو |
| 300 | _a302 ص | ||
| 490 |
_aعالم المعرفة _v0 |
||
| 650 | 0 | 4 | _aالرسم |
| 650 | 0 | 4 | _aالفنون التشكيلية |
| 650 | 0 | 4 | _aالرمزية فى الفن |
| 650 | 0 | 4 | _aاللوحات الفنية |
| 650 | 0 | 4 | _aالفلكلور العربى |
| 942 |
_2ddc _cBK |
||
| 999 |
_c44420 _d44420 |
||